000 00465nam a22001577a 4500
020 _a978-1-4095-3164-7
082 _a530
_bSTO/U
100 _aSTOCKLEY, CORINNE
100 _aOXLADE, CHRIS
245 _aTHE USBORNE ILLUSTRATED DICTIONARY OF PHYSICS
_bDICTIONARY OF PHYSICS
246 _aTHE USBORNE ILLUSTRATED DICTIONARY OF PHYSICS
_bDICTIONARY OF PHYSICS
260 _aUAE
520 _aDICTIONARY OF PHYSICS
650 _aDICTIONARY OF PHYSICS
942 _cBK
999 _c1417
_d1417